000
00321nam a2200121 a 4500
005
20140414132108.0
008
110115s19uu xx 00 eng d
050
_a
M 398.2
_b
T55 2010
245
_a
Toy Story, Storybook Collection.
260
_b
Parragon,
_c
2010.
440
_a
Disney Storybook Collection
999
_c
114665
_d
114665